Prosperity of the Nations, per Capita - Statistics

General Stats
  • This quiz has been taken 39 times
  • The average score is 40 of 50
Answer Stats
W Answer % Correct
9 D Denmark
100%
3 F Finland
100%
13 I Ireland
100%
7 N Netherlands
100%
2 N Norway
100%
10 U United Kingdom
100%
17 U United States
100%
28 U Uruguay
100%
5 C Canada
96%
11 G Germany
96%
12 L Luxembourg
96%
8 S Sweden
96%
46 Q Qatar
92%
67 B Bahrain
88%
31 C Chile
88%
40 I Israel
88%
22 J Japan
88%
70 O Oman
88%
19 S Singapore
88%
4 S Switzerland
88%
49 A Argentina
84%
52 B Brazil
84%
61 I Indonesia
84%
89 J Jordan
84%
71 K Kuwait
84%
39 P Panama
84%
45 T Trinidad& Tobago
84%
108 Z Zambia
84%
41 U United Arab Emirates
80%
29 C Costa Rica
76%
85 S Saudi Arabia
76%
109 T Tanzania
76%
78 T Turkey
76%
6 A Australia
72%
1 N New Zealand
72%
35 S South Korea
72%
51 S Suriname
72%
97 K Kenya
68%
38 M Malaysia
68%
60 P Philippines
68%
88 R Rwanda
68%
54 B Botswana
64%
48 S South Africa
60%
56 S Sri Lanka
60%
87 G Ghana
56%
93 T Tunisia
56%
23 H Hong Kong
52%
30 M Mauritius
52%
68 N Namibia
52%
107 S Senegal
36%
No matching quizzes found
Score Distribution
Percent of People with Each Score
Percentile by Number Answered
Your Score History
You have not taken this quiz